Steam laundries : (Record no. 640)

000 -LEADER
fixed length control field 01663nam a22004097a 4500
001 - CONTROL NUMBER
control field 1199706
003 - CONTROL NUMBER IDENTIFIER
control field OSt
005 - DATE AND TIME OF LATEST TRANSACTION
control field 20210421062722.0
008 - FIXED-LENGTH DATA ELEMENTS--GENERAL INFORMATION
fixed length control field 980720s1999 mdua b 001 0 eng
010 ## - LIBRARY OF CONGRESS CONTROL NUMBER
LC control number 98038245
020 ## - INTERNATIONAL STANDARD BOOK NUMBER
International Standard Book Number 0801860024 (alk. paper)
035 ## - SYSTEM CONTROL NUMBER
System control number (DLC) 98038245
040 ## - CATALOGING SOURCE
Original cataloging agency eng
Transcribing agency DLC
Modifying agency eng
Language of cataloging eng
041 ## - LANGUAGE CODE
Language code of text/sound track or separate title eng
043 ## - GEOGRAPHIC AREA CODE
Geographic area code n-us---
-- e-uk---
050 00 - LIBRARY OF CONGRESS CALL NUMBER
Classification number HD9999.L383
Item number U634 1999
080 ## - UNIVERSAL DECIMAL CLASSIFICATION NUMBER
Universal Decimal Classification number 94
Item number M-78
082 00 - DEWEY DECIMAL CLASSIFICATION NUMBER
Classification number 338.7/6166713/0973
Edition number 21
100 1# - MAIN ENTRY--PERSONAL NAME
Personal name Mohun, Arwen,
Dates associated with a name 1961-
245 10 - TITLE STATEMENT
Title Steam laundries :
Remainder of title gender, technology, and work in the United States and Great Britain, 1880-1940 /
Statement of responsibility, etc. Arwen P. Mohun.
260 ## - PUBLICATION, DISTRIBUTION, ETC.
Place of publication, distribution, etc. Baltimore :
Name of publisher, distributor, etc. Johns Hopkins University Press,
Date of publication, distribution, etc. 1999.
300 ## - PHYSICAL DESCRIPTION
Extent x, 348 p. :
Other physical details ill. ;
Dimensions 24 cm.
490 1# - SERIES STATEMENT
Series statement Johns Hopkins studies in the history of technology
504 ## - BIBLIOGRAPHY, ETC. NOTE
Bibliography, etc. note Includes bibliographical references (p. [327]-340) and index.
650 #0 - SUBJECT ADDED ENTRY--TOPICAL TERM
Topical term or geographic name entry element Laundry industry
Geographic subdivision United States
General subdivision History.
650 #0 - SUBJECT ADDED ENTRY--TOPICAL TERM
Topical term or geographic name entry element History
9 (RLIN) 252
650 #0 - SUBJECT ADDED ENTRY--TOPICAL TERM
Topical term or geographic name entry element Laundry industry
Geographic subdivision Great Britain
General subdivision History.
653 ## - INDEX TERM--UNCONTROLLED
Uncontrolled term ისტორია
830 #0 - SERIES ADDED ENTRY--UNIFORM TITLE
Uniform title Johns Hopkins studies in the history of technology (Unnumbered)
856 42 - ELECTRONIC LOCATION AND ACCESS
Materials specified Contributor biographical information
Uniform Resource Identifier <a href="http://www.loc.gov/catdir/bios/jhu052/98038245.html">http://www.loc.gov/catdir/bios/jhu052/98038245.html</a>
856 42 - ELECTRONIC LOCATION AND ACCESS
Materials specified Publisher description
Uniform Resource Identifier <a href="http://www.loc.gov/catdir/description/jhu052/98038245.html">http://www.loc.gov/catdir/description/jhu052/98038245.html</a>
856 42 - ELECTRONIC LOCATION AND ACCESS
Materials specified Book review (H-Net)
Uniform Resource Identifier <a href="http://www.h-net.org/review/hrev-a0b5e7-aa">http://www.h-net.org/review/hrev-a0b5e7-aa</a>
906 ## - LOCAL DATA ELEMENT F, LDF (RLIN)
a 7
b cbc
c orignew
d 1
e ocip
f 19
g y-gencatlg
942 ## - ADDED ENTRY ELEMENTS (KOHA)
Source of classification or shelving scheme
Koha item type Books
Holdings
Withdrawn status Lost status Source of classification or shelving scheme Damaged status Not for loan Permanent location Current location Date acquired Inventory number Total Checkouts Full call number Barcode Date last seen Price effective from Koha item type
          Ken Walker International University Ken Walker International University 12/15/2020 816   94 M-78 816 12/15/2020 12/15/2020 Books
          Ken Walker International University Ken Walker International University 12/22/2020 2311   94 M-78 2311 12/22/2020 12/22/2020 Books

Powered by Koha